[Event "Cannes Martinez op"]
[Site "Cannes"]
[Date "1995.??.??"]
[Round "1"]
[White "Gentilleau, Jean Philippe"]
[Black "Coutton, Sylvain"]
[Result "1/2-1/2"]
[WhiteElo "2225"]
[BlackElo "2000"]

1.d4 d5 2.c4 c6 3.Nf3 Nf6 4.Nc3 e6 5.e3 Nbd7 6.Bd3 dxc4 7.Bxc4 b5 8.Bd3 a6
9.O-O c5 10.a4 c4 11.Be2 Rb8 12.axb5 axb5 13.e4 b4 14.Nb1 Nxe4 15.Bxc4 Bd6
16.Re1 Nef6 17.Ne5 Qc7 18.Qe2 O-O 19.Bg5 Bb7 20.Nd2 Rbc8 21.Bb3 Bd5 22.Bxd5 exd5
23.Ndf3 Ne4 24.Nxd7 Qxd7 25.Be3 Rc7 26.Rec1 Rxc1+ 27.Rxc1 Rc8 28.Ra1 Qb7
29.Ne5 b3 30.f3 Nf6 31.Qa6 Qxa6 32.Rxa6 Ne8 33.Rb6 Rb8 34.Rxb8 Bxb8 35.Nc6 Bd6
36.Na5 Nc7 37.Nxb3 Kf8 38.Nc5 Ke7 39.Bd2 Nb5 40.Be3 Bxc5 41.dxc5 Ke6 42.Bf4 d4
43.c6 Kd5 44.c7 Na7 45.Kf1 Kc4 46.Ke2 Nc8 47.Kd2 Nb6 48.Kc2 Nc8 49.b3+ Kd5
50.Kd3 f6 51.h4 Ne7 52.b4 Nc8 53.h5 Ne7 54.Bd2 Nc8 55.Bc1 Kc6 56.Kxd4 Kxc7
57.Kd5 Kd7 58.b5 Nd6 59.Bf4 Nxb5  1/2-1/2

[Event "Cannes op"]
[Site "Cannes"]
[Date "1995.??.??"]
[Round "1"]
[White "Grivas, Efstratios"]
[Black "Skalik, Przemyslaw"]
[Result "1-0"]
[WhiteElo "2460"]
[BlackElo "2330"]

1.d4 d5 2.c4 c6 3.Nf3 Nf6 4.Nc3 e6 5.e3 Nbd7 6.Bd3 dxc4 7.Bxc4 b5 8.Bd3 a6
9.a4 b4 10.Ne4 c5 11.O-O Bb7 12.Ned2 Qc7 13.a5 cxd4 14.exd4 Be7 15.Re1 O-O
16.Nc4 Be4 17.Bf1 h6 18.Nfe5 Qb7 19.Bf4 Rfd8 20.Nxd7 Nxd7 21.Rc1 Bd5 22.Qd2 Bxc4
23.Rxc4 Qd5 24.Qc2 Nf6 25.g3 Qd7 26.Bc7 Rdc8 27.Bb6 Nd5 28.Bc5 Bxc5 29.dxc5 Qc6
30.Rc1 Qb5 31.Ra1 Rc6 32.Rd4 Qxc5 33.Rc4 Ne3 34.fxe3 Qxe3+ 35.Qf2  1-0

[Event "Cannes Martinez"]
[Site "Cannes"]
[Date "1995.??.??"]
[Round "3"]
[White "Collas, Didier"]
[Black "Bacrot, Etienne"]
[Result "1-0"]
[WhiteElo "2335"]
[BlackElo "2300"]

1.c4 e6 2.Nc3 Nf6 3.Nf3 d5 4.d4 c6 5.e3 Nbd7 6.Bd3 dxc4 7.Bxc4 b5 8.Bd3 a6
9.e4 c5 10.d5 Qc7 11.dxe6 fxe6 12.O-O c4 13.Bc2 Bd6 14.Bg5 h6 15.Bh4 g5 16.Bg3 Bf4
17.e5 Nxe5 18.Bxf4 gxf4 19.Re1 Nxf3+ 20.Qxf3 Bb7 21.Rxe6+ Kf7 22.Qh3 Rae8
23.Rae1 Qc6 24.Bf5 Rhg8 25.Ne4 Nxe4 26.Qh5+ Kf8 27.Qxh6+  1-0

[Event "Cannes op"]
[Site "Cannes"]
[Date "1995.??.??"]
[Round "4"]
[White "Kjeldsen, Jens"]
[Black "Prie, Eric"]
[Result "1-0"]
[WhiteElo "2410"]
[BlackElo "2480"]

1.d4 d5 2.c4 c6 3.Nc3 Nf6 4.e3 e6 5.Nf3 Nbd7 6.Qc2 b6 7.Bd2 Bb7 8.cxd5 cxd5
9.Bd3 Rc8 10.O-O Bd6 11.Rfc1 O-O 12.Qb3 Ne4 13.Nb5 Nxd2 14.Nxd2 Bb8 15.Qa3 Bc6
16.Nd6 Qc7 17.Nxc8 Qxh2+ 18.Kf1 Rxc8 19.Nf3 Qh6 20.Qe7 e5 21.dxe5 Nc5 22.Ng5 Nxd3
23.Qxf7+ Kh8 24.Qf5 Qh1+ 25.Ke2 Nxc1+ 26.Rxc1 Bb5+ 27.Kf3 Qh5+ 28.g4  1-0

[Event "Cannes op"]
[Site "Cannes"]
[Date "1995.??.??"]
[Round "5"]
[White "Grivas, Efstratios"]
[Black "Sadler, Matthew"]
[Result "0-1"]
[WhiteElo "2460"]
[BlackElo "2575"]

1.d4 d5 2.c4 c6 3.Nf3 Nf6 4.Nc3 e6 5.e3 Nbd7 6.Qc2 Bd6 7.Be2 O-O 8.O-O dxc4
9.Bxc4 b5 10.Be2 Bb7 11.a3 Re8 12.e4 e5 13.Bg5 h6 14.Bh4 exd4 15.Nxd4 Qb8
16.Nf3 a5 17.e5 Bxe5 18.Nxe5 Qxe5 19.Bf3 b4 20.axb4 axb4 21.Rxa8 Bxa8 22.Na4 c5
23.Bxf6 Qxf6 24.Bxa8 Rxa8 25.b3 Qc6 26.Rc1 Re8 27.h3 Re5 28.Qd2 Rg5 29.f3 Rd5
30.Qe3 Re5 31.Qf2 Qd5 32.f4 Re8 33.Nxc5 Nxc5 34.Rxc5 Qxb3 35.Rb5 Qc4 36.Rc5 Qd3
37.Rc7 b3 38.Rb7 Re2 39.Qb6 Qg3  0-1

[Event "Cannes op"]
[Site "Cannes"]
[Date "1995.??.??"]
[Round "6"]
[White "Gerber, Richard"]
[Black "Elbilia, Jacques"]
[Result "1-0"]
[WhiteElo "2360"]
[BlackElo "2325"]

1.Nf3 d5 2.c4 c6 3.e3 Nf6 4.d4 e6 5.Nc3 Nbd7 6.Qc2 Bd6 7.Be2 O-O 8.O-O Qe7
9.e4 Nxe4 10.Nxe4 dxe4 11.Qxe4 e5 12.Bg5 Qe6 13.c5 Bc7 14.Rad1 Qg6 15.Qxg6 hxg6
16.Rfe1 Ba5 17.Rf1 Bc7 18.Bc4 exd4 19.Rfe1 Nf6 20.Re7 Bd8 21.Rxf7 Rxf7 22.Ne5 Nd5
23.Nxf7 Kxf7 24.Bxd8 Be6 25.Bg5 Nb4 26.Rxd4 Bxc4 27.Rxc4 Re8 28.h3 Re1+ 29.Kh2 Nd5
30.Rc2 Ke6 31.Kg3 Kf5 32.Bd2 Ra1 33.a3 Ke4 34.Bc3 Rb1 35.Re2+ Kd3 36.Rd2+ Kc4
37.Bxg7 Kxc5 38.Bd4+ Kc4 39.Bxa7 Kb3 40.Bd4 Rc1 41.h4 Ne7 42.Bf6 Nd5 43.Be5 Nb6
44.Bf4 Rc2 45.Rd6 Rxb2 46.Rxg6 Nd5 47.Bd6 Rd2 48.h5 Nc3 49.Bb4 c5 50.Bxc3 Kxc3
51.h6 Rd8 52.Kh4 c4 53.Kh5 Kd2 54.h7 c3 55.Rg8 Rd5+ 56.Kh4  1-0

[Event "Cannes Martinez op"]
[Site "Cannes"]
[Date "1995.??.??"]
[Round "6"]
[White "Villeneuve, Alain"]
[Black "Karr, Jean Philipp"]
[Result "0-1"]
[WhiteElo "2320"]
[BlackElo "2100"]

1.d4 d5 2.Nf3 Nf6 3.c4 c6 4.e3 e6 5.Nc3 Nbd7 6.Bd3 dxc4 7.Bxc4 b5 8.Bd3 a6
9.a3 c5 10.O-O Bb7 11.Qe2 Be7 12.Rd1 Qb6 13.Ne5 Nxe5 14.dxe5 Nd7 15.f4 c4
16.Bc2 Nc5 17.Bd2 O-O 18.Be1 Rfd8 19.Bf2 Qc6 20.Qf1 Nd3 21.Bxd3 Rxd3 22.Ne2 Bc5
23.Nd4 Qe4 24.Rxd3 cxd3 25.Rd1 Bxd4 26.exd4 Rc8 27.Re1 Qd5 28.Rd1 Rc2 29.b4 Ra2
30.h3 Rxa3 31.Be3 Ra2 32.Bd2 Qe4 33.Kf2 Qxd4+ 34.Kg3 Rxd2  0-1

[Event "Cannes op"]
[Site "Cannes"]
[Date "1995.??.??"]
[Round "9"]
[White "Tratar, Marko"]
[Black "Lukasiewicz, Grzegorz"]
[Result "1/2-1/2"]
[WhiteElo "2420"]
[BlackElo "2355"]

1.d4 d5 2.Nf3 Nf6 3.c4 c6 4.Nc3 e6 5.e3 Nbd7 6.Qc2 Bd6 7.Be2 O-O 8.O-O Qe7
9.Rd1 b6 10.e4 dxe4 11.Nxe4 Nxe4 12.Qxe4 Bb7 13.Bf4 Bxf4 14.Qxf4 Nf6 15.Ne5 c5
16.dxc5 Qxc5 17.Qd4 Qc7 18.Qd6 Rac8 19.f3 Rfe8 20.Kf2 Qxd6 21.Rxd6 Kf8 22.b4 Red8
23.Rad1 Rxd6 24.Rxd6 Ke7 25.Rd2 Rc7 26.g3 Nd7 27.Nxd7 Rxd7 28.Rxd7+ Kxd7
29.f4 Be4 30.Ke3 Bb1 31.a3 Kd6 32.Kd4 f6 33.Bf3 e5+ 34.fxe5+ fxe5+ 35.Ke3 h6
36.Be4 Ba2 37.Bd3 Bb3 38.Ke4 Ke6 39.h4 Ba4 40.Ke3 Bd1 41.Ke4 Kd6  1/2-1/2

[Event "Cappelle op"]
[Site "Cappelle la Grande"]
[Date "1995.??.??"]
[Round "2"]
[White "Nascimento, Alexandre"]
[Black "Pedersen, Steffen"]
[Result "0-1"]
[WhiteElo "2230"]
[BlackElo "2400"]

1.c4 e6 2.Nc3 d5 3.d4 c6 4.e3 Nf6 5.Nf3 Nbd7 6.Qc2 b6 7.cxd5 exd5 8.Bd3 Be7
9.O-O O-O 10.e4 dxe4 11.Nxe4 Bb7 12.Ne5 c5 13.Ng5 g6 14.Nxg6 hxg6 15.Nxf7 Rxf7
16.Bc4 Nd5 17.Qxg6+ Rg7 18.Qe6+ Kh8 19.Rd1 Nf8 20.Qh3+ Rh7 21.Qf3 Bd6 22.dxc5 Bxh2+
23.Kf1 Ne3+ 24.Bxe3 Bxf3 25.Rxd8 Rxd8 26.gxf3 bxc5 27.Bxc5 Be5 28.Ke2 Bxb2
29.Rg1 Rg7 30.Rxg7 Kxg7 31.Bxa7 Bd4  0-1

[Event "Cappelle op"]
[Site "Cappelle la Grande"]
[Date "1995.??.??"]
[Round "2"]
[White "Kogan, Artur"]
[Black "Novikov, Igor A"]
[Result "1-0"]
[WhiteElo "2465"]
[BlackElo "2590"]

1.d4 d5 2.c4 e6 3.Nc3 c6 4.Nf3 Nf6 5.e3 Nbd7 6.Qc2 Bd6 7.Be2 O-O 8.O-O Qe7
9.Rd1 dxc4 10.Bxc4 e5 11.h3 Bb8 12.a4 h6 13.b3 Rd8 14.Ba3 Qe8 15.Nh4 Nb6
16.Ng6 Nxc4 17.Ne7+ Kh8 18.bxc4 Bd6 19.Bxd6 Rxd6 20.c5 Rd8 21.dxe5 Qxe7 22.exf6 Qxf6
23.Rxd8+ Qxd8 24.Rd1 Qe7 25.Rd6 Be6 26.Qd2 Qg5 27.Ne4 Qe5 28.Qb4 b6 29.f4 bxc5
30.Qb1 Ba2 31.fxe5 Bxb1 32.Nxc5 Re8 33.e6 fxe6 34.Rxc6 Ba2 35.Rc7 Ra8 36.a5 Kh7
37.Kf2 Kg6 38.e4 Rf8+ 39.Ke3 Rf7 40.Nd7 Kg5 41.Rxa7 Bc4 42.Rc7 Kh4 43.Rxc4 Rxd7
44.Kf4 Ra7 45.Ra4 Ra6 46.Ra3  1-0

[Event "Cappelle op"]
[Site "Cappelle la Grande"]
[Date "1995.??.??"]
[Round "2"]
[White "Denayer, Eric"]
[Black "Kadimova, Ilaha"]
[Result "0-1"]
[WhiteElo "2215"]
[BlackElo "2370"]

1.d4 d5 2.c4 c6 3.Nf3 Nf6 4.Nc3 e6 5.e3 Nbd7 6.Bd3 dxc4 7.Bxc4 b5 8.Bd3 Bb7
9.O-O a6 10.e4 c5 11.d5 c4 12.Bc2 Qc7 13.Bg5 Bd6 14.Re1 O-O-O 15.dxe6 fxe6
16.Qe2 h6 17.Bh4 g5 18.Bg3 Bxg3 19.hxg3 Ne5 20.Nxe5 Qxe5 21.a4 Bc6 22.axb5 axb5
23.Ra5 Qc5 24.Rea1 Ne8 25.e5 Nc7 26.Be4 Bxe4 27.Qxe4 Rhf8 28.Qe2 Rf5 29.Ne4 Qxe5
30.Qe3 Qd4 31.Qxd4 Rxd4 32.g4 Rfd5 33.f3 Rd1+ 34.Kf2 Kb7 35.Ke2 Rxa1 36.Rxa1 Kc6
37.Rh1 Rd3 38.Rxh6 Rb3 39.Nxg5 Rxb2+ 40.Ke3 Rxg2 41.Nxe6 Nxe6 42.Rxe6+ Kc5
43.Re8 Kb4 44.Rc8 Kc3 45.Rc5 b4 46.g5 b3 47.f4 b2 48.Rb5 Rg1  0-1

[Event "Cappelle op"]
[Site "Cappelle la Grande"]
[Date "1995.??.??"]
[Round "2"]
[White "Barkhagen, Jonas"]
[Black "Apicella, Manuel"]
[Result "1/2-1/2"]
[WhiteElo "2400"]
[BlackElo "2505"]

1.d4 d5 2.c4 e6 3.Nc3 c6 4.e3 Nf6 5.Nf3 Nbd7 6.Bd3 dxc4 7.Bxc4 b5 8.Bd3 b4
9.Na4 Bb7 10.e4 Be7 11.O-O O-O 12.Bf4 Rc8 13.Rc1 c5 14.dxc5 Nxe4 15.c6 Rxc6
16.Bxe4 Rxc1 17.Bxh7+ Kxh7 18.Bxc1 Kg8 19.Be3 Nf6 20.Bxa7 Qxd1 21.Rxd1 Bxf3
22.gxf3 Ra8 23.Bc5 Rxa4 24.Bxe7 Nd5 25.Bg5 Rxa2 26.Rd2 Kh7 27.Kf1 Kg6 28.Be3 Ra1+
29.Ke2 Rh1 30.Bc5 Rxh2 31.Rd4 b3 32.Bd6 Rh1 33.Rd3 Rc1 34.Rxb3 Rc2+ 35.Ke1 f6
36.Bg3 Kf5 37.Kd1 Rc4 38.Rd3 Nb4 39.Rd7 g5 40.Bc7 Rc2 41.Ba5 Rxb2 42.Bxb4 Rxb4
43.Ke2 Kf4 44.Rd3 e5 45.Ra3 f5 46.Kf1 g4 47.fxg4 Kxg4 48.Rg3+ Kf4 49.Ke2 Rb2+
50.Kf1 Ke4 51.Kg2 Kd4 52.Rg8 Rc2 53.Rd8+ Ke4 54.Ra8 Kf4 55.Rg8 e4 56.Kf1 Rc5
57.Ke2 Ra5 58.Rg7 Ra8 59.Rc7 Ra2+ 60.Kf1 Kg5 61.Re7 Ra4 62.f3 exf3 63.Kf2 Kf4
64.Rb7 Ra2+ 65.Kf1 Rh2 66.Rb8 Rc2 67.Ra8 f2 68.Ra3 Kg4 69.Rb3 f4 70.Ra3 f3
71.Ra4+ Kg3 72.Rg4+  1/2-1/2

[Event "Cappelle op"]
[Site "Cappelle la Grande"]
[Date "1995.??.??"]
[Round "3"]
[White "Petkevich, Jusefs"]
[Black "Stromer, Alexander"]
[Result "1-0"]
[WhiteElo "2460"]
[BlackElo "2250"]

1.d4 d5 2.c4 c6 3.Nc3 Nf6 4.Nf3 e6 5.e3 Nbd7 6.Qc2 b6 7.Bd3 Bb7 8.O-O Be7
9.Rd1 O-O 10.b3 Qc7 11.Bb2 Rac8 12.Rac1 c5 13.cxd5 exd5 14.Bf5 g6 15.Bh3 Rcd8
16.Ba3 Rfe8 17.dxc5 bxc5 18.Na4 d4 19.Nxd4 Qe5 20.Nb5 h5 21.Bb2 Qb8 22.Bxd7 Rxd7
23.Bxf6 Rxd1+ 24.Rxd1 Bxf6 25.Nd6 Rd8 26.Nxb7 Rxd1+ 27.Qxd1 Qxb7 28.Nxc5 Qc6
29.Nd3 a5 30.h3 Kg7 31.Nf4 Be5 32.Nd5 Qc5 33.h4 Kh7 34.g3 Kg8 35.Kg2 Qc6
36.Qd3 Kg7 37.Qe4 Bb2 38.a4 Ba1 39.Qc4 Qe6 40.e4 Bb2 41.b4 axb4 42.Qxb4 Ba1  1-0

[Event "Cappelle op"]
[Site "Cappelle la Grande"]
[Date "1995.??.??"]
[Round "3"]
[White "Pavlovic, Martin"]
[Black "Guidez, Yann Michel"]
[Result "0-1"]
[WhiteElo "2220"]
[BlackElo "2285"]

1.d4 d5 2.c4 c6 3.Nc3 e6 4.e3 Nf6 5.Nf3 Nbd7 6.Qc2 b6 7.Bd3 Bb7 8.O-O Qc7
9.Re1 Be7 10.e4 dxe4 11.Nxe4 Rd8 12.Bg5 h6 13.Bh4 Nxe4 14.Bxe7 Kxe7 15.Bxe4 Rhe8
16.c5 Kf8 17.Rad1 Nf6 18.Ne5 b5 19.Bf3 Kg8 20.a4 a6 21.Qd2 Nd5 22.axb5 cxb5
23.c6 Bc8 24.Rc1 Rd6 25.Qc2 Red8 26.Bh5 Rf8 27.Qc5 Nf4 28.Be2 Rfd8 29.Nf3 Rd5
30.Qc2 a5 31.Bf1 b4 32.g3 Ng6 33.Bg2 Ne7 34.Re5 Rxd4 35.Nxd4 Qxe5 36.Ne2 Qc7
37.Nf4 e5 38.Ne2 f6  0-1

[Event "Cappelle op"]
[Site "Cappelle la Grande"]
[Date "1995.??.??"]
[Round "3"]
[White "Benoit, Michel"]
[Black "Prie, Eric"]
[Result "0-1"]
[WhiteElo "2250"]
[BlackElo "2480"]

1.c4 e6 2.Nc3 d5 3.d4 c6 4.e3 Nf6 5.Nf3 Nbd7 6.Qc2 b6 7.Be2 Bb7 8.O-O Bd6
9.e4 dxe4 10.Nxe4 Nxe4 11.Qxe4 O-O 12.Rd1 Re8 13.Bf4 Nf6 14.Qe3 Bxf4 15.Qxf4 Qe7
16.Ne5 Rac8 17.Rd3 c5 18.dxc5 Rxc5 19.Rad1 Qc7 20.Rd6 a5 21.b3 h6 22.a3 Rd5
23.R1xd5 exd5 24.Rxf6 Qxe5 25.Qxe5 Rxe5 26.Rxb6 Rxe2 27.Kf1 Re7 28.c5 Rc7
29.b4 axb4 30.axb4 d4 31.Rd6 Kf8 32.f3 Ke7 33.Rxd4 Rd7 34.Rg4 Ba6+ 35.Ke1 g5
36.Re4+ Kd8 37.Kf2 Rd2+ 38.Kg1 Rd1+ 39.Kf2 Rd2+ 40.Kg1 Rd1+ 41.Kf2 f5 42.Re5 Rd2+
43.Ke1 Rxg2 44.Re6 Bb7 45.c6 Bc8 46.Rxh6 Rb2 47.h4 gxh4 48.Rxh4 Kc7 49.Rh6 Rxb4
50.Kd2 Rc4 51.Ke3 Rxc6 52.Rh7+ Kd6 53.Kd4 Ra6 54.Rh8 Ra4+ 55.Ke3 Be6 56.Rf8 Ke5
57.Re8 Ra2 58.f4+ Kf6 59.Rf8+ Ke7 60.Rb8 Ra3+ 61.Kd4 Ra4+ 62.Ke3 Bd5  0-1

[Event "Cappelle op"]
[Site "Cappelle la Grande"]
[Date "1995.??.??"]
[Round "3"]
[White "Sturua, Zurab"]
[Black "Filipenko, Alexander V"]
[Result "1-0"]
[WhiteElo "2550"]
[BlackElo "2425"]

1.d4 d5 2.c4 c6 3.Nf3 Nf6 4.Nc3 e6 5.e3 Nbd7 6.Qc2 Bd6 7.Be2 b6 8.O-O Bb7
9.b3 O-O 10.Bb2 Qe7 11.h3 Rfd8 12.Rad1 Ba3 13.Ba1 Bb4 14.Bd3 dxc4 15.bxc4 Bd6
16.Ne4 Nxe4 17.Bxe4 f5 18.Bd3 Nf6 19.Rfe1 c5 20.Nd2 Qf7 21.d5 exd5 22.Bxf5 Bf8
23.Nf3 Ne4 24.Bxh7+ Kh8 25.cxd5 Nd6 26.Ne5 Qh5 27.Bg6 Qh4 28.Bf5 Qg5 29.Be6  1-0

[Event "Cappelle op"]
[Site "Cappelle la Grande"]
[Date "1995.??.??"]
[Round "4"]
[White "Shneider, Aleksandr"]
[Black "Pedersen, Steffen"]
[Result "0-1"]
[WhiteElo "2530"]
[BlackElo "2400"]

1.d4 d5 2.Nf3 Nf6 3.c4 c6 4.Nc3 e6 5.e3 Nbd7 6.Qc2 b6 7.cxd5 exd5 8.Bd3 Be7
9.O-O O-O 10.b3 Bb7 11.Bb2 Rc8 12.Ne5 g6 13.f4 Bd6 14.Qe2 Re8 15.g4 c5 16.g5 Nh5
17.Qg4 Bxe5 18.fxe5 Rxe5 19.dxe5 Nxe5 20.Qe2 Qxg5+ 21.Kf2 Qh4+ 22.Kg1 Qg5+
23.Kf2 Re8 24.Bc1 d4 25.Bb5 Re7 26.Nd1 Nf3 27.e4 Qh4+ 28.Kxf3 Rxe4  0-1

[Event "Cappelle op"]
[Site "Cappelle la Grande"]
[Date "1995.??.??"]
[Round "4"]
[White "Solozhenkin, Evgeniy"]
[Black "Sveshnikov, Evgeny"]
[Result "0-1"]
[WhiteElo "2480"]
[BlackElo "2560"]

1.d4 d5 2.c4 e6 3.Nf3 Nf6 4.Nc3 c6 5.e3 Nbd7 6.Qc2 Bd6 7.Be2 O-O 8.O-O Re8
9.Rd1 Qe7 10.h3 h6 11.a3 dxc4 12.Bxc4 e5 13.Nh4 Nf8 14.Nf5 Bxf5 15.Qxf5 e4
16.h4 g6 17.Qh3 N8d7 18.Ne2 Nb6 19.h5 g5 20.f3 g4 21.Qh4 gxf3 22.gxf3 Kh8
23.Rf1 Rg8+ 24.Kh1 Rg3 25.f4 Rag8 26.Bd2 Nfd5 27.Qh2 Qe6  0-1

[Event "Cappelle op"]
[Site "Cappelle la Grande"]
[Date "1995.??.??"]
[Round "7"]
[White "Shipov, Sergei"]
[Black "Bykhovsky, Anatoly A"]
[Result "1-0"]
[WhiteElo "2510"]
[BlackElo "2420"]

1.d4 d5 2.c4 c6 3.Nf3 Nf6 4.Nc3 e6 5.e3 Nbd7 6.Qc2 Bd6 7.Be2 O-O 8.O-O e5
9.cxd5 cxd5 10.Nb5 Bb8 11.dxe5 Nxe5 12.Bd2 Nxf3+ 13.Bxf3 Bg4 14.Nd4 Qb6 15.Bc3 Be5
16.Bxg4 Nxg4 17.Qf5 Bxd4 18.Bxd4 Qe6 19.Qf4 f6 20.Rac1 Rf7 21.Rc7 Ne5 22.Rxf7 Kxf7
23.Bxe5 Qxe5 24.Qb4 Qc7 25.Rd1 Qb6 26.Qc3 Rd8 27.g3 Rd7 28.Rd4 Qc6 29.Qd2 Ke6
30.Kg2 a6 31.h4 g6 32.Qd3 f5 33.Qb3 h5 34.Kh2 Kf6 35.a4 b5 36.axb5 Qxb5 37.Qc3 Kf7
38.Kg2 a5 39.Rd2 Rb7 40.Qh8 Qc6 41.Kh2 Rb5 42.Qh7+ Kf8 43.Qh8+ Kf7 44.Qe5 Rc5
45.Qd4 Rc4 46.Qe5 Rb4 47.Qh8 Rb5 48.Qh7+ Kf8 49.Qa7 Qb7 50.Qd4 Qc6 51.Rd3 Qb6
52.Qh8+ Kf7 53.Qh7+ Kf6 54.Qh8+ Kf7 55.Rc3 Rc5 56.Qd4 Rb5 57.Qd3 Rc5 58.Rb3 Qc6
59.Qd4 Rc4 60.Qa7+  1-0

[Event "Cappelle op"]
[Site "Cappelle la Grande"]
[Date "1995.??.??"]
[Round "8"]
[White "Atalik, Suat"]
[Black "Novikov, Igor A"]
[Result "1/2-1/2"]
[WhiteElo "2500"]
[BlackElo "2590"]

1.d4 d5 2.c4 e6 3.Nf3 Nf6 4.Nc3 c6 5.e3 Nbd7 6.Bd3 dxc4 7.Bxc4 b5 8.Bd3 Bb7
9.O-O b4 10.Ne4 Be7 11.Nxf6+ Nxf6 12.Qe2 O-O 13.e4 c5 14.dxc5 Rc8 15.a3  1/2-1/2

[Event "Cappelle op"]
[Site "Cappelle la Grande"]
[Date "1995.??.??"]
[Round "8"]
[White "Sakaev, Konstantin"]
[Black "Vul, Arkadi Eremeevich"]
[Result "1-0"]
[WhiteElo "2535"]
[BlackElo "2410"]

1.d4 d5 2.c4 e6 3.Nc3 c6 4.e3 Nf6 5.Nf3 Nbd7 6.Bd3 dxc4 7.Bxc4 b5 8.Bd3 a6
9.e4 c5 10.d5 c4 11.Bc2 e5 12.O-O Bd6 13.b3 b4 14.Ne2 cxb3 15.axb3 O-O 16.Ng3 Nc5
17.Bg5 h6 18.Be3 Re8 19.Nd2 Ng4 20.Nc4 Nxe3 21.fxe3 Bf8 22.Qh5 g6 23.Qf3 Ra7
24.Na5 Qc7 25.Bd1 Bg7 26.Be2 Rf8 27.Bc4 Qd6 28.Nc6 Rc7 29.Qd1 f5 30.exf5 gxf5
31.Qe1 e4 32.Ra5 Bc3 33.Qf2 Nd3 34.Nxe4 fxe4 35.Qxf8+ Qxf8 36.d6+ Rf7 37.Rxf7 Qxf7
38.Ne7+ Kf8 39.Bxf7 Kxf7 40.Nxc8 Ke6 41.Rxa6 Nc5 42.Ra7 Bf6 43.Rc7 Nxb3 44.Rb7 Nc5
45.Rxb4 Bg5 46.Kf1 Bxe3 47.Ke2 Bg1 48.h3 h5 49.Kf1 Be3 50.Nb6 Bg5 51.Na4 Nd7
52.Rxe4+ Kxd6 53.Ke2 Nf6 54.Rc4 Ke6 55.Nc3 Kf5 56.Rc5+ Kg6 57.Rb5 Bc1 58.Kf3 Nh7
59.Ne4 Kh6 60.Rb1 Ba3 61.Kf4 Kg6 62.Rb6+ Kg7 63.Kf5 Bc1 64.Ng3  1-0

[Event "Cappelle op"]
[Site "Cappelle la Grande"]
[Date "1995.??.??"]
[Round "8"]
[White "Malaniuk, Vladimir P"]
[Black "Apicella, Manuel"]
[Result "1-0"]
[WhiteElo "2615"]
[BlackElo "2505"]

1.d4 d5 2.c4 e6 3.Nc3 c6 4.e3 Nf6 5.Nf3 Nbd7 6.Bd2 Be7 7.Bd3 dxc4 8.Bxc4 b5
9.Be2 Bb7 10.O-O O-O 11.a3 a5 12.Qc2 Rc8 13.Rfc1 b4 14.axb4 axb4 15.Na4 c5
16.dxc5 Nxc5 17.Bxb4 Nce4 18.Qb3 Bd5 19.Rxc8 Qxc8 20.Qa3 Bxb4 21.Qxb4 Qc7
22.Nc3 Nxc3 23.Qxc3 Qb7 24.b4 h6 25.b5 Rc8 26.Qb2 Rc5 27.Ne1 Bc4 28.Bxc4 Rxc4
29.Nd3 Nd5 30.h3 Qc7 31.Rc1 Nb6 32.Rxc4 Qxc4 33.Ne5 Qc5 34.Qd4 Qxb5 35.Qd8+ Kh7
36.Nxf7 Qb1+ 37.Kh2 Qf5 38.Nxh6 Kxh6 39.Qxb6 Qxf2 40.Qxe6+ g6 41.Qe5 Qe1
42.Qh8+ Kg5 43.Qd4 Kh6 44.e4  1-0

[Event "Cappelle op"]
[Site "Cappelle la Grande"]
[Date "1995.??.??"]
[Round "9"]
[White "Kadimova, Ilaha"]
[Black "Thierry, Patrice"]
[Result "1-0"]
[WhiteElo "2370"]
[BlackElo "2155"]

1.d4 d5 2.c4 e6 3.Nc3 c6 4.e3 Nf6 5.Nf3 Nbd7 6.Bd3 dxc4 7.Bxc4 b5 8.Bd3 a6
9.e4 c5 10.e5 cxd4 11.Nxb5 Ng4 12.Qa4 Bb7 13.Nbxd4 Bc5 14.Nxe6 Bxf2+ 15.Ke2 fxe6
16.Qxg4 Qb6 17.Rf1 O-O 18.Rxf2 Nxe5 19.Bxh7+ Kxh7 20.Qh5+ Kg8 21.Qxe5 a5
22.Be3 Ba6+ 23.Ke1 Qb4+ 24.Bd2 Qb6 25.Bxa5 Qc6 26.Bc3  1-0

[Event "Castiglione op"]
[Site "Castiglione"]
[Date "1995.??.??"]
[Round "5"]
[White "Contini, Luca"]
[Black "Medancic, Rikard"]
[Result "1-0"]
[WhiteElo "2315"]
[BlackElo "2340"]

1.d4 Nf6 2.c4 e6 3.Nf3 d5 4.Nc3 c6 5.e3 g6 6.Qc2 Bg7 7.b3 O-O 8.Ba3 Re8 9.Be2 Nbd7
10.Bd6 Bf8 11.Bxf8 Kxf8 12.O-O dxc4 13.Bxc4 e5 14.Rfd1 exd4 15.Rxd4 Qe7 16.Rad1 Ne5
17.Be2 h5 18.Qd2 Bg4 19.Nxe5 Qxe5 20.h3 Bxe2 21.Qxe2 a5 22.Qd2 b5 23.Qc2 Rac8
24.a4 Kg7 25.Qd3 c5 26.Rd6 c4 27.bxc4 Rxc4 28.Rd4 Rxc3 29.Qxc3 b4 30.Qc4 Rb8
31.Rd8 Rb6 32.Ra8 b3 33.Qc8 g5 34.Qh8+ Kg6 35.Rg8+ Kf5 36.Rxg5+  1-0

[Event "Castiglione op"]
[Site "Castiglione"]
[Date "1995.??.??"]
[Round "6"]
[White "Naumkin, Igor"]
[Black "Bellini, Fabio"]
[Result "1/2-1/2"]
[WhiteElo "2455"]
[BlackElo "2350"]

1.d4 Nf6 2.c4 e6 3.Nf3 d5 4.Nc3 c6 5.e3 Nbd7 6.Qc2 Bd6 7.Be2 O-O 8.O-O b6
9.e4 dxe4 10.Nxe4 Nxe4 11.Qxe4 Bb7 12.Bg5 Nf6 13.Qc2 h6 14.Bh4 Be7 15.Rad1 Nh5
16.Bxe7 Qxe7 17.c5 bxc5 18.dxc5 Nf4 19.Rfe1 Rfd8 20.Bf1 a5 21.g3 Rxd1 22.Rxd1 Nd5
23.a3 Bc8 24.Ne5 Qc7 25.Re1 Rb8 26.h4 Qb7 27.Nc4 Qb3 28.Qe4 Bd7 29.Bd3 Nf6
30.Qd4 e5 31.Nxe5 Qxb2 32.Qxb2 Rxb2 33.Nxd7 Nxd7 34.Re7 Nf8 35.Rc7 Ra2 36.Bc4 Ra1+
37.Kg2 Ne6 38.Rc8+ Kh7 39.Bd3+ g6 40.h5 Rxa3 41.hxg6+ fxg6 42.Bc4 Nd4 43.Rc7+ Kh8
44.Rd7 Nf5 45.Bf7 Kg7 46.Be8+ Kf6 47.Rf7+ Ke6 48.Rc7 Ne7 49.Bxc6 Nxc6 50.Rxc6+ Kf7  1/2-1/2

[Event "Catania op"]
[Site "Catania"]
[Date "1995.??.??"]
[Round "3"]
[White "Bellincampi, Stefano"]
[Black "Godena, Michele"]
[Result "0-1"]
[WhiteElo "2060"]
[BlackElo "2420"]

1.d4 d5 2.c4 e6 3.Nc3 c6 4.e3 Nf6 5.Nf3 a6 6.b3 Bb4 7.Bd2 Nbd7 8.Qc2 O-O
9.Be2 Qe7 10.O-O b5 11.Rfd1 Re8 12.Nb1 Bd6 13.Bc3 b4 14.Bb2 e5 15.dxe5 Nxe5
16.Nbd2 Neg4 17.Bxf6 Nxf6 18.cxd5 cxd5 19.Rac1 Bb7 20.Nd4 g6 21.N2f3 Ne4
22.Bf1 Rac8 23.Qb2 Qf6 24.g3 h5 25.Bh3 Rc5 26.Rxc5 Bxc5 27.Rc1 Kg7 28.Rc2 Bc8
29.Bg2 Bg4 30.Ne1 Bxd4 31.Qxd4 Qxd4 32.exd4 Nxg3 33.fxg3 Rxe1+ 34.Kf2 Rd1
35.Bxd5 Rxd4 36.Bc4 a5 37.Be2 Bxe2 38.Kxe2 Rd5 39.Ke3 Kf6 40.Ke4 Rf5 41.h4 Kg7
42.Rd2 Rc5 43.Kf4 Kh6 44.Re2 f6 45.Rd2 Rf5+ 46.Ke4 Re5+ 47.Kf4 Rc5 48.Kf3 g5
49.hxg5+ Kxg5 50.Kg2 f5 51.Rf2 Rc3 52.Kh2 h4 53.gxh4+ Kg4 54.h5 Rh3+ 55.Kg2 Rxh5
56.Rf1 f4 57.Rf2 f3+ 58.Kg1 Kg3 59.Rc2 Rd5 60.Rc1 Rd2 61.Ra1 Rg2+  0-1

[Event "Celle Ligure op"]
[Site "Celle Ligure"]
[Date "1995.??.??"]
[Round "?"]
[White "Tedeschi, P."]
[Black "Piccardo, V."]
[Result "1-0"]
[WhiteElo "1920"]
[BlackElo "1975"]

1.d4 d5 2.c4 e6 3.Nc3 Nf6 4.Nf3 c6 5.e3 Nbd7 6.cxd5 exd5 7.Be2 Bd6 8.O-O O-O
9.a3 Re8 10.b4 Nf8 11.Qc2 Ne6 12.b5 Bd7 13.bxc6 bxc6 14.a4 Rb8 15.Ba3 Qc7
16.Bxd6 Qxd6 17.Ne5 c5 18.Nxd7 Nxd7 19.Nb5 Qf8 20.dxc5 Qxc5 21.Qxc5 Ndxc5
22.Nxa7 Ra8 23.Bb5  1-0

[Event "Ceske Budejovice op"]
[Site "Ceske Budejovice"]
[Date "1995.??.??"]
[Round "1"]
[White "Lechtynsky, Jiri"]
[Black "Marsalek, Zdenek"]
[Result "1-0"]
[WhiteElo "2435"]
[BlackElo "2190"]

1.Nf3 d5 2.d4 Nf6 3.c4 c6 4.Nc3 e6 5.e3 Nbd7 6.Qc2 Bd6 7.Bd2 O-O 8.h3 Qe7
9.g4 dxc4 10.Bxc4 Nd5 11.O-O-O Nb4 12.Qb1 b5 13.Be2 Bb7 14.e4 e5 15.Be3 Rfd8
16.Rd2 Bc7 17.a3 Na6 18.Qa2 exd4 19.Nxd4 Ndc5 20.Rhd1 Qe8 21.f3 Bc8 22.b4 Rxd4
23.Bxd4 Be6 24.Qb2 Nb3+ 25.Kb1 Bf4 26.Rd3 Nxd4 27.Rxd4 Nc7 28.Bf1 a5 29.bxa5 h6
30.Ne2 Be5 31.Qd2 Qe7 32.Rd8+ Kh7 33.f4 Qxa3 34.fxe5 Rxa5 35.Qb2 Ba2+ 36.Kc1 Qe3+
37.Qd2 Qa3+ 38.Qb2 Qe3+ 39.R8d2 Bc4 40.Qc3 Qa7 41.Kb1 Ne6 42.Nc1 Ra3 43.Qb2 Nc5
44.Qd4 Ra4 45.Bxc4 bxc4 46.Na2 Qa5 47.Qf2 Nd3 48.Rxd3 cxd3 49.Rd2 c5 50.Rb2 Qa7
51.Kc1 Kg8 52.Nc3 Rd4 53.Kd2 Qc7 54.Qf5 Rb4 55.Ra2 c4 56.Nd5 Qb7 57.Nxb4 Qxb4+
58.Ke3 Qb6+ 59.Kf3 Qd8 60.Ra7 Qe8 61.Qd7  1-0

[Event "Ceske Budejovice op"]
[Site "Ceske Budejovice"]
[Date "1995.??.??"]
[Round "3"]
[White "Tolstikh, Nikolay"]
[Black "Cech, Pavel"]
[Result "1-0"]
[WhiteElo "2405"]
[BlackElo "2360"]

1.Nf3 d5 2.d4 Nf6 3.c4 c6 4.e3 e6 5.Nc3 Nbd7 6.Bd3 Bd6 7.e4 dxe4 8.Nxe4 Nxe4
9.Bxe4 Nf6 10.Bc2 O-O 11.O-O c5 12.Qd3 h6 13.Rd1 cxd4 14.Qxd4 Be7 15.Qf4 Qb6
16.b3 Bd7 17.Ne5 Bc6 18.Be3 Qa5 19.Nxc6 bxc6 20.Qf3 Rac8 21.Bd4 Rfd8 22.Qe3 c5
23.Bc3 Qb6 24.Qe1 Rxd1 25.Rxd1 Rd8 26.h3 Kf8 27.Rb1 Rd7 28.a4 Qc6 29.Rd1 Rxd1
30.Qxd1 Nd7 31.Qd3 Qc7 32.Bxg7+ Ke8 33.Bxh6 Qe5 34.Qd1 Qb2 35.Be4 Bf6 36.Bc6 Bd4
37.Qf3 Qb1+ 38.Kh2 Qg6 39.Be3 Qg7 40.Qg3 Be5 41.f4  1-0